书目信息 |
| 题名: |
上沃尔特
|
|
| 作者: | 菲舍尔 著 | |
| 分册: | ||
| 出版信息: | 上海 上海人民出版社 1977 |
|
| 页数: | 251页 | |
| 开本: | 20cm | |
| 丛书名: | ||
| 单 册: | ||
| 中图分类: | K942.2 , K443 | |
| 科图分类: | ||
| 主题词: | 地理--索马里 , 非洲--历史 | |
| 电子资源: | ||
| ISBN: | ||
| 000 | 00657nam0 2200241 45 | |
| 001 | 0177000838 | |
| 005 | 20061115155249.46 | |
| 010 | @dCNY0.85 | |
| 100 | @a19951025d1977 em y0chiy0121 ea | |
| 101 | 1 | @achi@cger |
| 102 | @aCN@b310000 | |
| 105 | @ay z 000yy | |
| 200 | 10 | @a上沃尔特@Ashang wo er te@f(东德)W.菲舍尔著@g《上沃尔特》翻译小组译 |
| 210 | @a上海@c上海人民出版社@d1977 | |
| 215 | @a251页@d20cm | |
| 606 | @a地理@y索马里 | |
| 606 | 0 | @a非洲@x历史 |
| 690 | @aK942.2@v3 | |
| 690 | @aK443@v3 | |
| 701 | 1 | @a菲舍尔@Afei she er@bW.@4著 |
| 801 | 2 | @aCN@bNLC@c20061115 |
| 801 | 0 | @aCN@b广东省中山图书馆@c20040331 |
| 905 | @f1@b22307@dK443@e16 | |
| 上沃尔特/(东德)W.菲舍尔著/《上沃尔特》翻译小组译.-上海:上海人民出版社,1977 |
| 251页;20cm |
| ISBN :CNY0.85 |
| ● |
| 相关链接 |
|
|
|
|
正题名:上沃尔特
索取号:K443/16
 
预约/预借
| 序号 | 登录号 | 条形码 | 馆藏地/架位号 | 状态 | 备注 |
| 1 | 0228388 | 001396019 | 第二样本阅览室/ [索取号:K443/16] | 在馆 |